| 000 | 00795nam a2200277Ia 4500 | ||
|---|---|---|---|
| 003 | OSt | ||
| 005 | 20221007095153.0 | ||
| 006 | a|||||r|||| 00| 0 | ||
| 007 | ta | ||
| 008 | 221006b |||||||| |||| 00| 0 eng d | ||
| 024 | _a991 | ||
| 037 | _cTextual | ||
| 040 |
_aLCO _cLCO _beng |
||
| 041 |
_2eng _aeng |
||
| 082 | _aY15:4:6, P5 | ||
| 100 |
_aDannenbaum Tom _9404304 |
||
| 245 | 0 | _aCombatting Sexual Harassment at the Workplace | |
| 260 |
_aNew _bDelhi Human Rights Law Network India _c2005 |
||
| 300 | _a217 | ||
| 500 | _aHandbook for Women, Employers and NGOs | ||
| 650 |
_a WOMAN _9294069 |
||
| 650 |
_aSEXUAL HARASSMENT _9601764 |
||
| 700 |
_a Jayaram Keya _9404305 |
||
| 942 |
_hY15:4:6, P5 _cTEXL |
||
| 999 |
_c1170554 _d1170554 |
||